Countries that Beat Zimbabwe - Statistics

General Stats
  • This quiz has been taken 132 times
  • The average score is 11 of 16
Answer Stats
Rank Category Countries % Correct
7 Highest % of white European population during Africa's colonial era [3] South Africa | Algeria | Namibia | Libya | Tunisia | Morocco
90%
4 (t) Starting with the most unique letter Oman | Qatar | Yemen
85%
4 Longest border with Zambia D.R. Congo | Angola | Malawi
84%
9 (t) Waterfall with the most flow rate D.R. Congo | Rep. of the Congo | Laos | Venezuela |Brazil | Canada | United States | Argentina
84%
7 Highest inflation rate [1] Argentina | Syria | Lebanon | Turkey | Venezuela | Sudan
83%
6 Most Protestant country in Africa [4] Liberia | Namibia | South Africa | Zambia | Eswatini
72%
6 Least "happy" country [2] Afghanistan | Lebanon | Lesotho | Sierra Leone | D.R. Congo
71%
4 Closest non-bordering country to D.R. Congo Gabon | Mozambique | Cameroon
70%
8 Poorest landlocked country [6] South Sudan | Burundi | Central African Republic |Niger | Malawi | Chad | Afghanistan
66%
2 Most populous capital starting with H * going with urban area, not city proper Vietnam
65%
8 Longest-serving non-royal African
world leader [5]
Cameroon | Equatorial Guinea | Gabon | Libya |Togo | Rep. of the Congo | Angola
58%
8 Least-populous country to useU.S. Dollar as its official currency Palau | Marshall Islands | Bahamas | F. S. of Micronesia |East Timor | Panama | El Salvador
56%
2 Most official languages Bolivia
53%
6 Most recent to fully gain independencefrom the United Kingdom Brunei | Saint Kitts and Nevis | Antigua and Barbuda | Belize | Vanuatu
52%
2 First to leave the Commonwealth of Nations Ireland
39%
5 Most recent to become a republic Barbados | Nepal | Mauritius | Fiji
32%
No matching quizzes found
Score Distribution
Percent of People with Each Score
Percentile by Number Answered
Your Score History
You have not taken this quiz